Los fichajes más caros del fútbol - Mediocentros ofensivos - Estadísticas

Estadísticas generales
  • Esta prueba ha sido intentada 74 veces
  • La puntuación promedio es 9 de 10
Estadísticas de respuestas
Coste (M €) Temporada Nacionalidad Último club Nuevo club Jugador % Correcto
103,00 2023-2024 Inglaterra Borussia Dortmund Real Madrid Jude Bellingham
99%
75,00 2014-2015 Colombia Mónaco Real Madrid James Rodríguez
97%
135,00 2017-2018 Brasil Liverpool FC Barcelona Philippe Coutinho
94%
76,00 2015-2016 Bélgica VfL Wolfsburgo Manchester City Kevin De Bruyne
88%
77,50 2001-2002 Francia Juventus Real Madrid Zinédine Zidane
88%
80,00 2020-2021 Alemania Bayer Leverkusen Chelsea Kai Havertz
87%
75,00 2023-2024 Alemania Chelsea Arsenal Kai Havertz
87%
67,00 2009-2010 Brasil AC Milan Real Madrid Kaká
87%
72,00 2018-2019 Francia Mónaco Atlético Madrid Thomas Lemar
78%
65,00 2019-2020 Portugal Sporting Lisboa Manchester United Bruno Fernandes
76%
No se encontraron pruebas coincidentes
Distribución de puntuación
Porcentaje de gente con cada puntuación
Porcentaje por número respondido
Historial de tus puntuaciones
No has intentado esta prueba.